| 000 | 01017nam a22002417a 4500 | ||
|---|---|---|---|
| 005 | 20240305165501.0 | ||
| 007 | cr|||| |||| | ||
| 008 | 180312s2016 br |||||s|||| 00||0 por d | ||
| 020 | _a978-85-7789-296-9 | ||
| 035 | _a21047 | ||
| 040 | _avLex | ||
| 090 |
_c7458 _d7458 |
||
| 100 | 1 | _aGilmar Bertolo, José | |
| 245 | 1 | 0 |
_aNovo Código de Processo Civil Comparado _h[Recurso electrónico] / _cJosé Gilmar Bertolo |
| 256 | _aServicio en línea | ||
| 260 |
_aSan Pablo: _bJH Mizuno, _c2016 |
||
| 300 | _a1 recurso electrónico | ||
| 506 | 1 |
_aDisponible solo en los productos indicados _dvLex Global _dvLex Global (Academic Edition, excluding Law Schools) _dvLex Global (U.S. Academic Edition, Law Schools) _dvLex Global (U.S. Academic Edition, excluding Law Schools) _dvLex Global (Academic Edition, Law Schools) |
|
| 650 | 0 | 4 |
_aProcedimiento Civil _zBrasil |
| 740 | 0 | _avLex Libros (Servicio en línea) | |
| 856 | 4 | 0 | _uhttps://app.vlex.com/#/sources/novo-codigo-processo-civil-comparado-21047 |
| 942 | _cRAA | ||
| 999 |
_c165697 _d165697 |
||